000 01027cam a2200217 4500
001 WB3811-35
008 020321n2002 000 0 eng u
035 _a(Sirsi) u117199
245 _aJudgement on foot and mouth valuations
260 _c2002
490 _aRICS Rural Faculty News
_v19 March 2002, (1)
520 _aA Cumbrian farmer has lost his case against government over the 14 day period after the slaughter of livestock allowed to farmers to decide on whether to make an appeal against his livestock valuation. This ruling by the High Court will mean that the farmer and many others will not be able to appeal against their foot and mouth valuations. http://www.rics.org/ricscms/bin/show?class=News&template=/includes/shownews.html&id=2104
590 _aWB
650 _aPROPERTY-RURAL AND NATURAL ASSETS-AGRICULTURAL PROPERTY-LIVESTOCK
650 _aNATIONAL FARMERS UNION
650 _aFARMERS
650 _aValuation
_96273
650 _aFOOT-AND-MOUTH DISEASE
690 _aRURAL
_96268
942 _n0
999 _c69826
_d69826